Statistics for 20 Most Populated Islands with Exceptions

Click here to take the quiz!

General Stats

  • This quiz has been taken 151 times
    (113 since last reset)
  • The average score is 16 of 20

Answer Stats

PopulationRegionIsland% Correct
11,167,000CaribbeanCuba
98%
61,700,000Western EuropeGreat Britain
96%
22,434,000Southern AfricaMadagascar
95%
6,380,000Western EuropeIreland
94%
3,600,000OceaniaNorth Island
93%
24,309,000OceaniaAustralia
92%
2,741,000CaribbeanJamaica
92%
21,107,000CaribbeanHispaniola
91%
1,096,000OceaniaSouth Island
88%
5,017,000MediterraneanSicily
86%
7,820,000OceaniaNew Guinea
83%
7,830,000United StatesLong Island
81%
1,660,000MediterraneanSardinia
78%
1,267,000CaribbeanTrinidad
76%
3,481,000CaribbeanPuerto Rico
73%
2,275,000ScandinaviaZealand
69%
976,372Pacific OceanOahu
64%
1,619,000United StatesManhattan
63%
1,219,000Southern AfricaMauritius
51%
1,381,000Northern BrazilSão Luís
12%

Score Distribution

Percentile by Number Answered

Percent of People with Each Score

Your Score History

You have not taken this quiz since the last reset